Doctor Strange in the Multiverse of Madness Quiz (SPOILERS) - Statistics

General Stats
  • This quiz has been taken 172 times
    161 since last reset
  • The average score is 12 of 18
Answer Stats
Actor Role % Correct
Benedict Cumberbatch Stephen Strange/Doctor Strange
99%
Elizabeth Olsen Wanda Maximoff/Scarlet Witch
98%
Benedict Wong Wong
97%
Xochitl Gomez America Chavez/Miss America
94%
Hayley Atwell Peggy Carter/Captain Carter
87%
Patrick Stewart Charles Xavier/Professor X
83%
John Krasinski Reed Richards/Mister Fantastic
83%
Lashana Lynch Maria Rambeau/Captain Marvel
82%
Chiwetel Ejiofor Karl Mordo
74%
Rachel McAdams Christine Palmer
72%
Anson Mount Black Bolt
68%
Julian Hilliard Billy Maximoff
50%
Jett Klyne Tommy Maximoff
48%
Charlize Theron Clea
41%
Bruce Campbell Pizza Poppa
38%
Sheila Atim Sara
23%
Michael Stuhlbarg Dr. Nic West
22%
Adam Hugill Rintrah
17%
No matching quizzes found
Score Distribution
Percent of People with Each Score
Percentile by Number Answered
Your Score History
You have not taken this quiz since the last reset